| 000 | 00793 a2200253 4500 | ||
|---|---|---|---|
| 020 | _a0471383589 | ||
| 020 | _a9780471383581 | ||
| 082 | 0 | 4 | _a515 |
| 090 |
_c348 _d348 |
||
| 100 | 1 | _aSalas, Satunino L. | |
| 245 | 1 | 0 |
_aCalculus : _bone variable / _cSatunino L. Salas. |
| 250 | _a9th Edition ed. | ||
| 260 |
_a[S.l.] : _bJohn Wiley & Sons, _c2003. |
||
| 300 |
_a816 p. ; _c11 cm. |
||
| 500 | _aImport. | ||
| 500 | _aHardcover. | ||
| 650 | 4 | _aCalculus & mathematical analysis. | |
| 650 | 4 | _aCalculus. | |
| 650 | 4 | _aMathematics. | |
| 650 | 4 | _aScience/Mathematics. | |
| 856 | 4 | 0 |
_3Amazon.com _uhttp://www.amazon.com/exec/obidos/ASIN/0471383589/chopaconline-20 |
| 856 | 4 | 0 |
_3Amazon customer reviews _uhttp://www.chopac.org/cgi-bin/tools/azrev.pl?q=0471383589 |
| 942 |
_aNBS _cBK _k515 SAL |
||
| 999 |
_c342915 _d342915 |
||